|
|
|
|
| LEADER |
01170pam a22003018a 4500 |
| 001 |
00039054 |
| 005 |
20171026081025.0 |
| 008 |
170517s2008 ||||||Viesd |
| 041 |
0 |
# |
|a Vie
|
| 082 |
1 |
4 |
|a 613
|b C101H
|
| 100 |
1 |
# |
|a Dương, Công Thành
|
| 245 |
1 |
0 |
|a Các hành vi tình dục nguy cơ và bắc cầu trong thanh niên ở Hải Phòng, Việt Nam
|b Chuyên san Giới, Tình dục & Sức khỏe tình dục thuộc dự án ENCOURAGES
|c Dương Công Thành, Nguyễn Trần Hiển, Hoàng Thị Thanh Hà
|
| 260 |
# |
# |
|a Hà Nội
|b Thế giới
|c 2008
|
| 300 |
# |
# |
|a 32tr.
|c 23 cm
|
| 653 |
# |
# |
|a Nguy cơ
|
| 653 |
# |
# |
|a Thanh niên
|
| 653 |
# |
# |
|a Tình dục
|
| 700 |
1 |
# |
|a Hoàng, Thị Thanh Hà
|
| 700 |
1 |
# |
|a Đỗ, Thị Minh Nguyệt
|
| 700 |
1 |
# |
|a Phạm, Văn Hán
|
| 700 |
1 |
# |
|a Nguyễn, Văn Vy
|
| 700 |
1 |
# |
|a Nguyễn, Trần Hiển
|
| 852 |
# |
# |
|j KM.0021822
|j KD.0020774
|
| 852 |
# |
# |
|b Kho đọc
|j KD.0020774
|
| 852 |
# |
# |
|b Kho mượn
|j KM.0021822
|
| 910 |
|
|
|d 17/05/2017
|
| 980 |
# |
# |
|a Trung tâm Học liệu Lê Vũ Hùng, Trường Đại học Đồng Tháp
|